<?xml version="1.0" encoding="UTF-8"?>
<record
    xmlns:xsi="http://www.w3.org/2001/XMLSchema-instance"
    xsi:schemaLocation="http://www.loc.gov/MARC21/slim http://www.loc.gov/standards/marcxml/schema/MARC21slim.xsd"
    xmlns="http://www.loc.gov/MARC21/slim">

  <leader>00786cam a2200241 i 4500</leader>
  <datafield tag="020" ind1=" " ind2=" ">
    <subfield code="a">9788184656015</subfield>
  </datafield>
  <datafield tag="020" ind1=" " ind2=" ">
    <subfield code="a">8184656017</subfield>
  </datafield>
  <datafield tag="041" ind1=" " ind2=" ">
    <subfield code="a">ENG</subfield>
  </datafield>
  <datafield tag="082" ind1="0" ind2="4">
    <subfield code="a">954.840</subfield>
    <subfield code="b">MAL</subfield>
  </datafield>
  <datafield tag="100" ind1="1" ind2=" ">
    <subfield code="a">Maliekal, Jose D.,</subfield>
  </datafield>
  <datafield tag="245" ind1="1" ind2="0">
    <subfield code="a">Standstill utopias? :  Dalits encountering Christianity</subfield>
  </datafield>
  <datafield tag="260" ind1=" " ind2=" ">
    <subfield code="a">Delhi</subfield>
    <subfield code="b">ISPCK</subfield>
    <subfield code="c">2017</subfield>
  </datafield>
  <datafield tag="300" ind1=" " ind2=" ">
    <subfield code="a">xlvi, 364 pages ;</subfield>
  </datafield>
  <datafield tag="500" ind1=" " ind2=" ">
    <subfield code="a">Originally presented as the author's thesis (Ph.D.)--Department of Christian Studies, Univeristy of Madras, 2002.</subfield>
  </datafield>
  <datafield tag="650" ind1=" " ind2="0">
    <subfield code="a">Madigas</subfield>
  </datafield>
  <datafield tag="650" ind1=" " ind2="0">
    <subfield code="a">Dalits</subfield>
  </datafield>
  <datafield tag="650" ind1=" " ind2="0">
    <subfield code="a">Christian converts from Hinduism</subfield>
  </datafield>
  <datafield tag="650" ind1=" " ind2="0">
    <subfield code="a">Church work with people with social disabilities</subfield>
  </datafield>
  <datafield tag="650" ind1=" " ind2="7">
    <subfield code="a">Christian converts from Hinduism.</subfield>
  </datafield>
  <datafield tag="650" ind1=" " ind2="7">
    <subfield code="a">Church work with people with social disabilities.</subfield>
  </datafield>
  <datafield tag="650" ind1=" " ind2="7">
    <subfield code="a">Dalits</subfield>
  </datafield>
  <datafield tag="942" ind1=" " ind2=" ">
    <subfield code="c">BK</subfield>
  </datafield>
  <datafield tag="952" ind1=" " ind2=" ">
    <subfield code="0">0</subfield>
    <subfield code="1">0</subfield>
    <subfield code="4">0</subfield>
    <subfield code="7">0</subfield>
    <subfield code="a">HMI</subfield>
    <subfield code="b">HMI</subfield>
    <subfield code="c">GEN</subfield>
    <subfield code="d">2020-06-08</subfield>
    <subfield code="e">ISPCK</subfield>
    <subfield code="g">400.00</subfield>
    <subfield code="l">0</subfield>
    <subfield code="o">954.840 MAL</subfield>
    <subfield code="p">11-4353</subfield>
    <subfield code="r">2020-06-08</subfield>
    <subfield code="w">2020-06-08</subfield>
    <subfield code="y">BK</subfield>
  </datafield>
  <datafield tag="952" ind1=" " ind2=" ">
    <subfield code="0">0</subfield>
    <subfield code="1">0</subfield>
    <subfield code="4">0</subfield>
    <subfield code="7">0</subfield>
    <subfield code="a">HMI</subfield>
    <subfield code="b">HMI</subfield>
    <subfield code="c">GEN</subfield>
    <subfield code="d">2020-06-08</subfield>
    <subfield code="e">ISPCK</subfield>
    <subfield code="g">400.00</subfield>
    <subfield code="l">0</subfield>
    <subfield code="o">954.840 MAL</subfield>
    <subfield code="p">11-4351</subfield>
    <subfield code="r">2020-06-08</subfield>
    <subfield code="w">2020-06-08</subfield>
    <subfield code="y">BK</subfield>
  </datafield>
  <datafield tag="952" ind1=" " ind2=" ">
    <subfield code="0">0</subfield>
    <subfield code="1">0</subfield>
    <subfield code="4">0</subfield>
    <subfield code="7">0</subfield>
    <subfield code="a">HMI</subfield>
    <subfield code="b">HMI</subfield>
    <subfield code="c">GEN</subfield>
    <subfield code="d">2020-06-08</subfield>
    <subfield code="e">ISPCK</subfield>
    <subfield code="g">400.00</subfield>
    <subfield code="l">0</subfield>
    <subfield code="o">954.840 MAL</subfield>
    <subfield code="p">11-4352</subfield>
    <subfield code="r">2020-06-08</subfield>
    <subfield code="w">2020-06-08</subfield>
    <subfield code="y">BK</subfield>
  </datafield>
  <datafield tag="999" ind1=" " ind2=" ">
    <subfield code="c">22937</subfield>
    <subfield code="d">22937</subfield>
  </datafield>
</record>
